[Event "British Rapidplay"]
[Site "Peterborough"]
[Date "2025.03.02"]
[Round "7"]
[White "Hryshchenko, Kamila"]
[Black "Quilter, Thomas A"]
[Result "0-1"]
[WhiteElo "2119"]
[BlackElo "2162"]
[PlyCount "80"]
[EventDate "2025.03.01"]
[EventType "swiss (rapid)"]
[EventRounds "11"]
[EventCountry "ENG"]
[SourceTitle "CB10_2025"]
[SourceDate "2025.03.05"]
[SourceVersion "1"]
[SourceVersionDate "2025.03.05"]
[SourceQuality "1"]

1. e4 d5 2. exd5 c6 3. d4 Nf6 4. c4 cxd5 5. Nc3 Nc6 6. Nf3 Bg4 7. Be2 e6 8. h3 Bh5 9. c5 Qc7 10. 0-0 Be7 11. Be3 0-0 12. a3 a5 13. b3 Rfd8 14. Rc1 e5 15. Nb5 Qb8 16. dxe5 Nxe5 17. Nfd4 Bxe2 18. Qxe2 Nc6 19. Nxc6 bxc6 20. Nd4 Rc8 21. Bg5 Bd8 22. Rfe1 h6 23. Bh4 Qf4 24. Nf3 Ne4 25. Bg3 Qf5 26. Nd4 Qf6 27. Qd3 Bc7 28. Kh2 Nxf2 29. Qf3 Qxd4 30. Bxc7 Rxc7 31. Rf1 Ne4 32. Qg4 Qe5+ 33. Kg1 Nxc5 34. Rce1 Ne4 35. Rf5 Qe6 36. Qf3 Qd6 37. Rd1 Qg3 38. Qe2 Qxb3 39. Rdf1 Ng3 40. Qe5 Qb6+ 0-1

[Event "British Rapidplay"]
[Site "Peterborough"]
[Date "2025.03.02"]
[Round "9"]
[White "Quilter, Thomas A"]
[Black "Fellowes, Billy"]
[Result "1-0"]
[WhiteElo "2162"]
[BlackElo "2203"]
[PlyCount "137"]
[EventDate "2025.03.01"]
[EventType "swiss (rapid)"]
[EventRounds "11"]
[EventCountry "ENG"]
[SourceTitle "CB10_2025"]
[SourceDate "2025.03.05"]
[SourceVersion "1"]
[SourceVersionDate "2025.03.05"]
[SourceQuality "1"]

1. e4 Nc6 2. Nf3 d6 3. d4 Nf6 4. Nc3 g6 5. d5 Nb8 6. Be3 Bg7 7. Qd2 0-0 8. Bh6 e5 9. dxe6 Bxe6 10. Bxg7 Kxg7 11. Nd4 Qe7 12. 0-0-0 Nc6 13. f4 Bg4 14. Re1 Nxd4 15. Qxd4 c5 16. Qd2 Rfe8 17. Bd3 Rac8 18. h3 Bd7 19. e5 Ng8 20. Nd5 Qe6 21. c4 dxe5 22. Rxe5 Qd6 23. Rhe1 f6 24. Rxe8 Rxe8 25. Rxe8 Bxe8 26. Qa5 Bc6 27. Qxa7 Bxd5 28. cxd5 Qxd5 29. Ba6 Qxa2 30. Qxb7+ Kh6 31. Qc8 Qa1+ 32. Kc2 Qa4+ 33. Kb1 Qe4+ 34. Ka1 Qa4+ 35. Kb1 Qd1+ 36. Ka2 Qd5+ 37. b3 Qxg2+ 38. Ka3 Qg1 39. Ka2 Qf2+ 40. Ka3 Qd4 41. Ka2 Qd2+ 42. Ka3 Qc1+ 43. Ka2 Qc2+ 44. Ka3 Qb1 45. Qf8+ Kh5 46. Qxc5+ g5 47. Be2+ Kg6 48. f5+ Kg7 49. Bc4 Qa1+ 50. Kb4 Qe1+ 51. Kb5 Ne7 52. Be6 Kf8 53. Qd6 Qe2+ 54. Kb6 Qe3+ 55. Kb5 Qe2+ 56. Ka5 Qa2+ 57. Kb6 Qa8 58. b4 h5 59. b5 g4 60. hxg4 hxg4 61. Bc4 Ke8 62. Be6 Kf8 63. Bd7 Qd8+ 64. Kb7 Kg7 65. b6 Nxf5 66. Qc7 Nd6+ 67. Qxd6 Kh8 68. Qb8 Qxb8+ 69. Kxb8 1-0

[Event "British Rapidplay"]
[Site "Peterborough"]
[Date "2025.03.01"]
[Round "3"]
[White "Fisher, Neal"]
[Black "Quilter, Thomas A"]
[Result "0-1"]
[WhiteElo "1713"]
[BlackElo "2162"]
[PlyCount "36"]
[EventDate "2025.03.01"]
[EventType "swiss (rapid)"]
[EventRounds "11"]
[EventCountry "ENG"]
[SourceTitle "CB10_2025"]
[SourceDate "2025.03.05"]
[SourceVersion "1"]
[SourceVersionDate "2025.03.05"]
[SourceQuality "1"]

1. e4 d5 2. exd5 c6 3. dxc6 Nxc6 4. Nf3 e5 5. Bc4 Bd6 6. d3 Bg4 7. c3 Nf6 8. Qb3 0-0 9. Nbd2 Na5 10. Qc2 Re8 11. 0-0 Nxc4 12. dxc4 e4 13. Nd4 Qe7 14. N2b3 Qe5 15. g3 Qh5 16. f4 exf3 17. Nxf3 Bxf3 18. Qf2 Re2 0-1

[Event "British Rapidplay"]
[Site "Peterborough"]
[Date "2025.03.01"]
[Round "2"]
[White "Quilter, Thomas A"]
[Black "Buckley, Graeme N"]
[Result "0-1"]
[WhiteElo "2162"]
[BlackElo "2268"]
[PlyCount "78"]
[EventDate "2025.03.01"]
[EventType "swiss (rapid)"]
[EventRounds "11"]
[EventCountry "ENG"]
[SourceTitle "CB10_2025"]
[SourceDate "2025.03.05"]
[SourceVersion "1"]
[SourceVersionDate "2025.03.05"]
[SourceQuality "1"]

1. e4 c5 2. a3 g6 3. Bc4 Bg7 4. Nc3 Nc6 5. d3 e6 6. Bf4 d6 7. Nf3 Nge7 8. Qd2 h6 9. 0-0 a6 10. Ba2 b5 11. Be3 Nd4 12. Ne1 e5 13. f4 exf4 14. Bxf4 Be6 15. Bxe6 fxe6 16. Nd1 0-0 17. Ne3 Nec6 18. Rd1 Be5 19. Bxe5 Nxe5 20. Rxf8+ Qxf8 21. c3 Nb3 22. Qc2 Qf4 23. Nf1 Rf8 24. Qe2 Nc1 25. Rxc1 Qxc1 26. d4 cxd4 27. cxd4 Qc4 28. Qxc4 Nxc4 29. Nd3 a5 30. Ng3 Nd2 31. e5 dxe5 32. Nxe5 Rc8 33. Nxg6 Rc2 34. Nf4 Rxb2 35. Nxe6 b4 36. axb4 a4 37. d5 Nc4 38. Ne4 a3 39. d6 a2 0-1

[Event "Titled Tuesday intern op 26th Mar Early"]
[Site "Chess.com INT"]
[Date "2024.03.26"]
[Round "6"]
[White "Quilter, Thomas A"]
[Black "Ishvi, Aggarwal"]
[Result "0-1"]
[WhiteElo "2162"]
[BlackElo "1959"]
[PlyCount "136"]
[EventDate "2024.03.26"]
[EventType "swiss (blitz)"]
[EventRounds "11"]
[EventCountry "USA"]
[SourceTitle "EXT 2025"]
[Source "ChessBase"]
[SourceDate "2024.10.14"]
[SourceVersion "1"]
[SourceVersionDate "2024.10.14"]
[SourceQuality "1"]

1. d4 d5 2. Nc3 e6 3. Bf4 Nf6 4. Nb5 Na6 5. e3 c6 6. Nc3 Nc7 7. Bd3 Bd6 8. Nf3 0-0 9. Ne5 c5 10. dxc5 Bxc5 11. Qf3 Nce8 12. Qh3 Nd6 13. 0-0-0 Bb4 14. g4 Bxc3 15. bxc3 Nfe4 16. f3 f6 17. fxe4 fxe5 18. exd5 e4 19. Bxd6 exd5 20. Bxf8 Qxf8 21. Be2 Be6 22. Rd4 Qa3+ 23. Kd2 Rc8 24. Rc1 Qxc3+ 25. Kd1 Rf8 26. Qg3 h6 27. Rb1 Rf3 28. Bxf3 Qxe3 29. Rd2 exf3 30. Qf2 Qf4 31. Rxb7 Bxg4 32. Rd4 Qg5 33. Rbb4 Bh5 34. h4 Qd8 35. Rb3 Qa5 36. Rd2 Qxa2 37. Ke1 Qa1+ 38. Rd1 Qe5+ 39. Kf1 Qe4 40. Re3 Qg4 41. Rxd5 Qh3+ 42. Ke1 Qg4 43. Rd2 Qc4 44. Kd1 Qa4 45. Rd8+ Kh7 46. Rdd3 Qa1+ 47. Kd2 Qa5+ 48. Rc3 Qa1 49. Red3 Qb1 50. Rc7 Qb4+ 51. Rcc3 a5 52. Re3 a4 53. Red3 a3 54. Qe3 a2 55. Qe1 Qb1 56. Ra3 Qb4+ 57. Kd1 Qb1+ 58. Kd2 Qb4+ 59. Rdc3 Qb1 60. Qe4+ Bg6 61. Qe3 a1Q 62. Rxa1 Qxa1 63. Qxf3 Qa5 64. Qe3 Qd5+ 65. Ke2 Qg2+ 66. Kd1 Qf1+ 67. Qe1 Bh5+ 68. Kd2 Qf4+ 0-1

[Event "British Rapidplay"]
[Site "Peterborough"]
[Date "2024.03.03"]
[Round "8"]
[White "Quilter, Thomas A"]
[Black "Kryshtafor, Maksym"]
[Result "1/2-1/2"]
[WhiteElo "2162"]
[BlackElo "1692"]
[PlyCount "90"]
[EventDate "2024.03.02"]
[EventType "swiss (rapid)"]
[EventRounds "11"]
[EventCountry "ENG"]
[SourceTitle "CBM 219 Extra"]
[Source "ChessBase"]
[SourceDate "2024.05.31"]
[SourceVersion "1"]
[SourceVersionDate "2024.05.31"]
[SourceQuality "1"]

1. e4 e5 2. Nf3 Nc6 3. Bc4 Bc5 4. c3 Nf6 5. d4 exd4 6. cxd4 Bb4+ 7. Kf1 d5 8. exd5 Nxd5 9. Nc3 Nxc3 10. bxc3 Bxc3 11. Bxf7+ Kxf7 12. Qb3+ Be6 13. Qxc3 Re8 14. Bf4 Qd5 15. Ne5+ Nxe5 16. Bxe5 Qc4+ 17. Qxc4 Bxc4+ 18. Kg1 c5 19. h4 cxd4 20. Bxd4 Re2 21. Rh3 Rxa2 22. Rxa2 Bxa2 23. Ra3 Be6 24. Rxa7 Rxa7 25. Bxa7 b5 26. Bc5 g6 27. Kf1 Bc4+ 28. Ke1 Ke6 29. Kd2 Kd5 30. Bf8 Bf1 31. g4 Kc4 32. f4 Kb3 33. f5 gxf5 34. gxf5 b4 35. Ke3 Kc3 36. Kf4 b3 37. Kg5 Bd3 38. Bd6 b2 39. Be5+ Kc2 40. Bxb2 Kxb2 41. f6 Bg6 42. Kh6 Kc3 43. h5 Bf7 44. Kxh7 Bxh5 45. f7 Bxf7 1/2-1/2

[Event "British Rapidplay"]
[Site "Peterborough"]
[Date "2024.03.02"]
[Round "1"]
[White "Dhingra, Kanvansh"]
[Black "Quilter, Thomas A"]
[Result "0-1"]
[WhiteElo "1609"]
[BlackElo "2162"]
[PlyCount "72"]
[EventDate "2024.03.02"]
[EventType "swiss (rapid)"]
[EventRounds "11"]
[EventCountry "ENG"]
[SourceTitle "CBM 219 Extra"]
[Source "ChessBase"]
[SourceDate "2024.05.31"]
[SourceVersion "1"]
[SourceVersionDate "2024.05.31"]
[SourceQuality "1"]

1. e4 Nc6 2. d4 d6 3. Nf3 Nf6 4. Bd3 e5 5. c3 Bg4 6. d5 Nb8 7. Be3 a5 8. a4 Na6 9. Bb5+ Nd7 10. Bxa6 Rxa6 11. b4 Be7 12. h3 Bh5 13. Nbd2 0-0 14. Nc4 b6 15. 0-0 Bg6 16. Qd3 Ra8 17. bxa5 bxa5 18. g4 h5 19. Nh2 Bg5 20. Rfb1 Bxe3 21. Qxe3 Nc5 22. f3 Qh4 23. Kg2 Rfb8 24. Nxe5 Rxb1 25. Rxb1 Nxa4 26. Nc6 Qf6 27. Nd4 Nc5 28. g5 Qe5 29. Nc6 Qe8 30. Qd4 a4 31. Nb4 a3 32. Re1 a2 33. Nc2 Qb5 34. Qd1 Qb2 35. Kh1 Qxc3 36. Na1 Rb8 0-1

[Event "British Rapidplay"]
[Site "Peterborough"]
[Date "2024.03.02"]
[Round "3"]
[White "Graff, Ben"]
[Black "Quilter, Thomas A"]
[Result "0-1"]
[WhiteElo "1849"]
[BlackElo "2162"]
[PlyCount "92"]
[EventDate "2024.03.02"]
[EventType "swiss (rapid)"]
[EventRounds "11"]
[EventCountry "ENG"]
[SourceTitle "CBM 219 Extra"]
[Source "ChessBase"]
[SourceDate "2024.05.31"]
[SourceVersion "1"]
[SourceVersionDate "2024.05.31"]
[SourceQuality "1"]

1. e4 Nc6 2. d4 d6 3. Nf3 Nf6 4. Nc3 g6 5. d5 Nb8 6. Bg5 Bg7 7. Qd2 e5 8. Bh6 0-0 9. Bxg7 Kxg7 10. Bd3 Nbd7 11. 0-0-0 Nc5 12. Qg5 Nh5 13. g3 Qxg5+ 14. Nxg5 Bg4 15. f3 Bd7 16. Bf1 h6 17. Nh3 f5 18. b4 Na6 19. Bxa6 bxa6 20. exf5 gxf5 21. Nf2 Rab8 22. a3 Nf6 23. Rhg1 Kh7 24. g4 fxg4 25. Nxg4 Nh5 26. Rdf1 Rf7 27. Ne4 Rbf8 28. Nd2 Nf4 29. Rf2 Nh3 30. Rfg2 Nxg1 31. Rxg1 Rg8 32. Ne4 Bxg4 33. fxg4 Rf4 34. Nd2 Rfxg4 35. Re1 Rg1 36. Kd1 R8g2 37. Nf1 Rf2 38. Nd2 Rxe1+ 39. Kxe1 Rxh2 40. Kd1 h5 41. Nf3 Rf2 42. Ng5+ Kg6 43. Ne6 h4 44. Nxc7 h3 45. Ne8 h2 46. Ke1 Rg2 0-1

[Event "EU-ch Blitz"]
[Site "Katowice"]
[Date "2022.12.16"]
[Round "4"]
[White "Quilter, Thomas A"]
[Black "Adams, Michael"]
[Result "1-0"]
[WhiteElo "2162"]
[BlackElo "2688"]
[PlyCount "67"]
[EventDate "2022.12.16"]
[EventType "swiss (blitz)"]
[EventRounds "22"]
[EventCountry "POL"]
[SourceTitle "CBM 211 Extra"]
[Source "ChessBase"]
[SourceDate "2023.01.31"]
[SourceVersion "1"]
[SourceVersionDate "2023.01.31"]
[SourceQuality "1"]

1. e4 e5 2. Nf3 Nc6 3. Bc4 Bc5 4. c3 Nf6 5. d3 d6 6. b4 Bb6 7. a4 a5 8. b5 Ne7 9. Nbd2 Ng6 10. Nf1 c6 11. Be3 0-0 12. h4 d5 13. exd5 cxd5 14. Bb3 d4 15. Bg5 dxc3 16. Ne3 h6 17. h5 Nf4 18. Nxe5 hxg5 19. h6 Qe7 20. d4 g6 21. g3 Ne6 22. N3c4 Bxd4 23. Kf1 Kh7 24. Qf3 Bxe5 25. Nxe5 Nd4 26. Qxc3 Nxb3 27. Re1 Be6 28. f4 Rac8 29. Qb2 Rg8 30. fxg5 Nh5 31. Rxh5 gxh5 32. Qb1+ Kh8 33. Qb2 f6 34. g6 1-0

[Event "Titled Tuesday intern op 10th Nov"]
[Site "Chess.com INT"]
[Date "2020.11.10"]
[Round "4"]
[White "Quilter, Thomas A"]
[Black "Perestjuk, Marko"]
[Result "1-0"]
[WhiteElo "2162"]
[BlackElo "2160"]
[PlyCount "141"]
[EventDate "2020.11.10"]
[EventType "swiss (blitz)"]
[EventRounds "11"]
[EventCountry "USA"]
[SourceTitle "CBM 199 Extra"]
[Source "ChessBase"]
[SourceDate "2021.01.31"]
[SourceVersion "1"]
[SourceVersionDate "2021.01.31"]
[SourceQuality "1"]

1. e4 c5 2. Nf3 d6 3. Bd3 Nf6 4. c3 g6 5. 0-0 Bg7 6. Bc2 Nbd7 7. d4 e5 8. Bg5 Qc7 9. Nbd2 0-0 10. Rc1 b5 11. Qe2 a6 12. h3 Bb7 13. Qe3 Rfe8 14. Bh6 exd4 15. cxd4 Nxe4 16. Nxe4 f5 17. Qb3+ c4 18. Bxg7 Kxg7 19. Qc3 Bxe4 20. Bxe4 Rxe4 21. Ng5 Nf6 22. d5 Qe7 23. Rfe1 Re8 24. Ne6+ Kg8 25. Rxe4 Nxe4 26. Qd4 Nc5 27. Re1 Nxe6 28. Rxe6 Qd7 29. Qf6 Rxe6 30. dxe6 Qe8 31. e7 d5 32. Qe6+ Kg7 33. Qe5+ Kf7 34. Qxd5+ Kxe7 35. Qb7+ Qd7 36. Qxa6 Qd1+ 37. Kh2 Qd6+ 38. Qxd6+ Kxd6 39. Kg3 Kd5 40. Kf3 Kd4 41. Ke2 g5 42. Kd2 b4 43. a4 Kc5 44. Ke3 h6 45. g3 h5 46. h4 gxh4 47. gxh4 b3 48. Kd2 f4 49. Kc3 f3 50. a5 Kb5 51. a6 Kxa6 52. Kxc4 Kb6 53. Kxb3 Kc5 54. Kc3 Kb5 55. Kd3 Kb4 56. Ke3 Kb3 57. Kxf3 Kxb2 58. Kf4 Kc3 59. Kg5 Kd4 60. Kxh5 Ke4 61. Kg6 Kf3 62. h5 Kxf2 63. h6 Ke3 64. h7 Ke4 65. h8Q Kf4 66. Qf8+ Ke4 67. Qf6 Kd5 68. Kf5 Kc4 69. Qd6 Kb5 70. Qc7 Kb4 71. Qc6 1-0

[Event "English Online Blitz Gp2"]
[Site "Chess.com INT"]
[Date "2020.05.09"]
[Round "8"]
[White "Nikolovski, Nikola"]
[Black "Quilter, Thomas A"]
[Result "1-0"]
[WhiteElo "2454"]
[BlackElo "2162"]
[PlyCount "69"]
[EventDate "2020.05.09"]
[EventType "swiss (blitz)"]
[EventRounds "11"]
[EventCountry "ENG"]
[SourceTitle "CBM 196 Extra"]
[Source "ChessBase"]
[SourceDate "2020.07.31"]
[SourceVersion "1"]
[SourceVersionDate "2020.07.31"]
[SourceQuality "1"]

1. e4 e5 2. Nf3 Qe7 3. Nc3 Nf6 4. Bc4 c6 5. 0-0 d6 6. d4 Bg4 7. dxe5 dxe5 8. h3 Bh5 9. a4 Nbd7 10. Be3 Qb4 11. Bb3 Nxe4 12. Nxe4 Qxe4 13. g4 Bg6 14. Ng5 Qb4 15. Nxf7 Bxf7 16. Bxf7+ Kxf7 17. Qxd7+ Qe7 18. Rad1 h5 19. Qf5+ Qf6 20. Rd7+ Be7 21. Bc5 Rhe8 22. Rxb7 Qxf5 23. gxf5 a5 24. Rd1 Kf6 25. Bxe7+ Rxe7 26. Rd6+ Kf7 27. Rxe7+ Kxe7 28. Rxc6 e4 29. Re6+ Kf7 30. Rxe4 Rb8 31. b3 Rc8 32. Rc4 Rd8 33. Kg2 Rd5 34. Kg3 Rxf5 35. Rf4 1-0

[Event "Titled Tuesday intern op 5th May"]
[Site "Chess.com INT"]
[Date "2020.05.05"]
[Round "3"]
[White "Quilter, Thomas A"]
[Black "Grochal, Joey"]
[Result "0-1"]
[WhiteElo "2162"]
[BlackElo "2335"]
[PlyCount "74"]
[EventDate "2020.05.05"]
[EventType "swiss (blitz)"]
[EventRounds "10"]
[EventCountry "USA"]
[SourceTitle "EXT 2021"]
[Source "ChessBase"]
[SourceDate "2020.10.23"]
[SourceVersion "1"]
[SourceVersionDate "2020.10.23"]
[SourceQuality "1"]

1. e4 c5 2. Nf3 e6 3. Bd3 Nc6 4. c3 d5 5. 0-0 dxe4 6. Bxe4 Bd7 7. d4 Nf6 8. Bc2 cxd4 9. cxd4 Be7 10. Nc3 Nb4 11. Bb1 Bc6 12. Ne5 Rc8 13. Bg5 h6 14. Bh4 Nbd5 15. Re1 0-0 16. Ne4 Nxe4 17. Bxe7 Nxe7 18. Bxe4 Bxe4 19. Rxe4 Qd5 20. Rg4 Nf5 21. Qd2 Rfd8 22. Nf3 e5 23. Rd1 Kh8 24. h4 Nxd4 25. Nxe5 Ne2+ 26. Qxe2 Qxd1+ 27. Qxd1 Rxd1+ 28. Kh2 Kg8 29. Rf4 Rc7 30. g4 Rd2 31. g5 hxg5 32. hxg5 Rxb2 33. g6 fxg6 34. Nxg6 Rf7 35. Rh4 Rfxf2+ 36. Kg1 Rg2+ 37. Kf1 Rxg6 0-1

[Event "Titled Tuesday intern op 28th Apr"]
[Site "Chess.com INT"]
[Date "2020.04.28"]
[Round "3"]
[White "Quilter, Thomas A"]
[Black "Gevorgyan, Maria"]
[Result "1-0"]
[WhiteElo "2162"]
[BlackElo "2228"]
[PlyCount "107"]
[EventDate "2020.04.28"]
[EventType "swiss (blitz)"]
[EventRounds "10"]
[EventCountry "USA"]
[SourceTitle "EXT 2021"]
[Source "ChessBase"]
[SourceDate "2020.10.23"]
[SourceVersion "1"]
[SourceVersionDate "2020.10.23"]
[SourceQuality "1"]

1. d4 Nf6 2. Nc3 c5 3. d5 e6 4. dxe6 fxe6 5. e4 d5 6. Bd3 Be7 7. Nf3 0-0 8. 0-0 Nc6 9. Re1 d4 10. Ne2 e5 11. Ng3 Bg4 12. a4 Nb4 13. Bc4+ Kh8 14. c3 dxc3 15. bxc3 Qxd1 16. Rxd1 Nc6 17. Be2 Ne8 18. h3 Bxf3 19. Bxf3 Nd6 20. Be3 Nc4 21. Nf5 Nxe3 22. Nxe3 Bg5 23. Nd5 Na5 24. Nc7 Rac8 25. Ne6 Rxf3 26. gxf3 Bf6 27. Rd7 h6 28. Nc7 Bh4 29. Rad1 Rf8 30. Kg2 Rf6 31. R7d6 Rf7 32. Rd7 Rf4 33. Ne6 Rf6 34. Rd8+ Kh7 35. Nf8+ Rxf8 36. Rxf8 Bf6 37. Rd7 Kg6 38. Ra8 a6 39. Rc8 b6 40. Ra8 Nc4 41. Rxa6 Kg5 42. Raa7 Kf4 43. Rxg7 Bxg7 44. Rxg7 h5 45. Rh7 Kg5 46. Rg7+ Kf6 47. Rb7 Kg6 48. Kg3 Kf6 49. f4 Ke6 50. f5+ Kf6 51. f4 h4+ 52. Kg4 exf4 53. Kxf4 Nd6 54. e5# 1-0

[Event "Titled Tuesday intern op 28th Apr"]
[Site "Chess.com INT"]
[Date "2020.04.28"]
[Round "1"]
[White "Rodchenkov, Sergey D"]
[Black "Quilter, Thomas A"]
[Result "1-0"]
[WhiteElo "2346"]
[BlackElo "2162"]
[PlyCount "105"]
[EventDate "2020.04.28"]
[EventType "swiss (blitz)"]
[EventRounds "10"]
[EventCountry "USA"]
[SourceTitle "EXT 2021"]
[Source "ChessBase"]
[SourceDate "2020.10.23"]
[SourceVersion "1"]
[SourceVersionDate "2020.10.23"]
[SourceQuality "1"]

1. e4 e5 2. Nf3 Qe7 3. Bc4 c6 4. c3 Nf6 5. d3 d6 6. 0-0 Be6 7. Bb3 Nbd7 8. Re1 h6 9. Bc2 g5 10. d4 0-0-0 11. Be3 Kb8 12. Na3 Bg7 13. Qd3 Nh5 14. Rad1 d5 15. Nxe5 Nxe5 16. dxe5 Bxe5 17. exd5 Bxd5 18. Bd4 f6 19. Nc4 Nf4 20. Nxe5 Nxd3 21. Nxc6+ Bxc6 22. Rxe7 Nxb2 23. Rb1 Nc4 24. Be4 Bxe4 25. Rxe4 Nd2 26. Ree1 Nxb1 27. Rxb1 Rhf8 28. h4 Rd5 29. Kh2 b6 30. Re1 Rd7 31. Re6 Rdf7 32. Kg3 Kb7 33. Kg4 Kc7 34. Kh5 Kd7 35. Re3 gxh4 36. Kxh4 f5 37. Kh5 Re8 38. Rf3 f4 39. Kxh6 Re2 40. Kg5 Rxa2 41. Kg6 Rf8 42. Bg7 Re8 43. Rxf4 Re6+ 44. Kf7 Re7+ 45. Kf6 Re6+ 46. Kf7 Re7+ 47. Kg6 Re6+ 48. Bf6 Ra5 49. Kf7 Rd5 50. g4 Rdd6 51. g5 Rd5 52. g6 Rf5 53. Rxf5 1-0

[Event "London Chess Classic: Blitz D"]
[Site "London"]
[Date "2019.12.08"]
[Round "1"]
[White "Quilter, Thomas A"]
[Black "Hassabis, George"]
[Result "1-0"]
[WhiteElo "2087"]
[BlackElo "1493"]
[PlyCount "71"]
[EventDate "2019.12.08"]
[EventType "swiss (blitz)"]
[EventRounds "11"]
[EventCountry "ENG"]
[SourceTitle "EXT 2021"]
[Source "ChessBase"]
[SourceDate "2020.10.23"]
[SourceVersion "1"]
[SourceVersionDate "2020.10.23"]
[SourceQuality "1"]

1. d4 f5 2. Nc3 Nf6 3. Bg5 e6 4. e4 fxe4 5. Nxe4 Be7 6. Ng3 0-0 7. Nf3 b6 8. Bd3 Bb7 9. Qe2 c5 10. 0-0-0 cxd4 11. Nxd4 Nc6 12. Bc4 Nxd4 13. Rxd4 Qc7 14. Bf4 Qc6 15. Bb3 Rac8 16. Kb1 a5 17. Rhd1 b5 18. c3 b4 19. cxb4 Bxb4 20. Nh5 d5 21. Nxf6+ Rxf6 22. Be5 Rf5 23. f4 a4 24. Rxb4 axb3 25. Rxb3 Ba6 26. Qd2 Bc4 27. Rc3 Qa4 28. b3 Qb5 29. Ka1 Be2 30. Rxc8+ Kf7 31. Rdc1 Kg6 32. R8c7 Rh5 33. Rxg7+ Kf5 34. g4+ Bxg4 35. Qc2+ Qd3 36. Qxd3# 1-0

[Event "London Chess Classic: Blitz D"]
[Site "London"]
[Date "2019.12.08"]
[Round "3"]
[White "Quilter, Thomas A"]
[Black "Ifalore, Michael"]
[Result "1-0"]
[WhiteElo "2087"]
[BlackElo "1818"]
[PlyCount "70"]
[EventDate "2019.12.08"]
[EventType "swiss (blitz)"]
[EventRounds "11"]
[EventCountry "ENG"]
[SourceTitle "EXT 2021"]
[Source "ChessBase"]
[SourceDate "2020.10.23"]
[SourceVersion "1"]
[SourceVersionDate "2020.10.23"]
[SourceQuality "1"]

1. d4 Nf6 2. Bf4 d5 3. e3 c5 4. c3 Nc6 5. Nd2 e6 6. Ngf3 Nh5 7. Bg5 f6 8. Bh4 g6 9. Bd3 Be7 10. 0-0 Ng7 11. e4 0-0 12. Re1 Nh5 13. Bf1 Kh8 14. exd5 Qxd5 15. Bc4 Qf5 16. Nf1 cxd4 17. cxd4 Rd8 18. Ng3 Nxg3 19. Bxg3 e5 20. d5 Bc5 21. Bd3 Qd7 22. Bc4 Na5 23. b3 b6 24. Nxe5 fxe5 25. Bxe5+ Kg8 26. Qf3 Qf5 27. Qg3 Rf8 28. Bd3 Bxf2+ 29. Kh1 Bxe1 30. Qxe1 Qxd3 31. Rd1 Qf5 32. Ba1 Bd7 33. h3 Rae8 34. Qc3 Re7 35. d6 Rfe8 1-0

[Event "London Chess Classic: Blitz D"]
[Site "London"]
[Date "2019.12.08"]
[Round "4"]
[White "Rushbrooke, Tibo"]
[Black "Quilter, Thomas A"]
[Result "0-1"]
[WhiteElo "1624"]
[BlackElo "2087"]
[PlyCount "44"]
[EventDate "2019.12.08"]
[EventType "swiss (blitz)"]
[EventRounds "11"]
[EventCountry "ENG"]
[SourceTitle "EXT 2021"]
[Source "ChessBase"]
[SourceDate "2020.10.23"]
[SourceVersion "1"]
[SourceVersionDate "2020.10.23"]
[SourceQuality "1"]

1. d4 d5 2. Nc3 Nf6 3. Bg5 Ne4 4. Nxe4 dxe4 5. e3 c5 6. c3 cxd4 7. exd4 Qa5 8. Be3 g6 9. Bc4 Bg7 10. Qc2 Bf5 11. Ne2 Nd7 12. Ng3 Rc8 13. Nxf5 gxf5 14. Bb3 e5 15. dxe5 0-0 16. 0-0 Nxe5 17. Bd4 Rfd8 18. Rad1 Nd3 19. Bxg7 Kxg7 20. Qe2 Rd6 21. Qh5 Rg6 22. Qxf5 Qxf5 0-1

[Event "London Chess Classic: Blitz D"]
[Site "London"]
[Date "2019.12.08"]
[Round "8"]
[White "Sentissi, Yassine"]
[Black "Quilter, Thomas A"]
[Result "0-1"]
[WhiteElo "1715"]
[BlackElo "2087"]
[PlyCount "52"]
[EventDate "2019.12.08"]
[EventType "swiss (blitz)"]
[EventRounds "11"]
[EventCountry "ENG"]
[SourceTitle "EXT 2021"]
[Source "ChessBase"]
[SourceDate "2020.10.23"]
[SourceVersion "1"]
[SourceVersionDate "2020.10.23"]
[SourceQuality "1"]

1. e4 e5 2. Nf3 Nc6 3. Bb5 a6 4. Ba4 d6 5. c4 Bd7 6. 0-0 g6 7. d4 exd4 8. Nxd4 Bg7 9. Nxc6 bxc6 10. Nc3 Ne7 11. Be3 0-0 12. c5 Be6 13. cxd6 cxd6 14. Bf4 d5 15. exd5 cxd5 16. Re1 Qb6 17. Bb3 Rfd8 18. Na4 Qb4 19. Bd2 Qh4 20. Nc5 Bg4 21. Qc1 Bd4 22. g3 Bxf2+ 23. Kg2 Qh3+ 24. Kxf2 Qxh2+ 25. Ke3 Qxg3+ 26. Kd4 Nf5# 0-1

[Event "EU-ch rapid"]
[Site "Katowice"]
[Date "2017.12.17"]
[Round "9"]
[White "Klekowski, Maciej"]
[Black "Quilter, Thomas A"]
[Result "1-0"]
[WhiteElo "2498"]
[BlackElo "2195"]
[PlyCount "101"]
[EventDate "2017.12.16"]
[EventType "swiss (rapid)"]
[EventRounds "11"]
[EventCountry "POL"]
[SourceTitle "CBM 182 Extra"]
[Source "ChessBase"]
[SourceDate "2018.02.23"]
[SourceVersion "1"]
[SourceVersionDate "2018.02.23"]
[SourceQuality "1"]

1. c4 Nf6 2. Nc3 d6 3. g3 g6 4. Bg2 Bg7 5. d4 0-0 6. Nf3 Nbd7 7. 0-0 e5 8. e4 exd4 9. Nxd4 Re8 10. h3 Ne5 11. b3 Nc6 12. Be3 Nd7 13. Rc1 a6 14. f4 f5 15. Nxc6 bxc6 16. Bd4 fxe4 17. Nxe4 Bb7 18. Ng5 Bxd4+ 19. Qxd4 Qf6 20. Qxf6 Nxf6 21. Rfe1 h6 22. Ne6 Re7 23. Re2 Rae8 24. Rce1 d5 25. Kf2 Ne4+ 26. Bxe4 dxe4 27. Nc5 Bc8 28. g4 h5 29. Nxe4 Kh8 30. Kg3 c5 31. Nc3 Rxe2 32. Rxe2 Rxe2 33. Nxe2 hxg4 34. hxg4 Bb7 35. Nc3 Kg7 36. Na4 Be4 37. Nxc5 Bb1 38. a3 Ba2 39. Kf3 a5 40. a4 Kf6 41. Ke3 c6 42. Kd4 Bb1 43. Kc3 g5 44. fxg5+ Kxg5 45. Nb7 Kf6 46. Nxa5 Be4 47. Kd4 Bf3 48. Kc5 Bxg4 49. Nxc6 Ke6 50. a5 Kd7 51. Ne5+ 1-0

[Event "EU-ch rapid"]
[Site "Katowice"]
[Date "2017.12.16"]
[Round "5"]
[White "Aleksandrov, Aleksej"]
[Black "Quilter, Thomas A"]
[Result "1-0"]
[WhiteElo "2589"]
[BlackElo "2195"]
[PlyCount "101"]
[EventDate "2017.12.16"]
[EventType "swiss (rapid)"]
[EventRounds "11"]
[EventCountry "POL"]
[SourceTitle "CBM 182 Extra"]
[Source "ChessBase"]
[SourceDate "2018.02.23"]
[SourceVersion "1"]
[SourceVersionDate "2018.02.23"]
[SourceQuality "1"]

1. d4 Nf6 2. c4 g6 3. Nc3 Bg7 4. e4 0-0 5. Be3 d6 6. h3 e5 7. d5 a5 8. Nf3 Na6 9. g4 Nd7 10. Rg1 Ndc5 11. Nd2 Kh8 12. Nb3 Nxb3 13. Qxb3 f5 14. g5 b6 15. h4 Nc5 16. Qc2 fxe4 17. 0-0-0 Bf5 18. Bg2 a4 19. Nxe4 Nxe4 20. Bxe4 a3 21. b3 Qe8 22. h5 Bxe4 23. Qxe4 Rf5 24. Rg2 Qf7 25. Rh1 Kg8 26. Rgh2 Rf3 27. hxg6 hxg6 28. Qh4 Kf8 29. Qg4 Ke7 30. Rh7 Rg8 31. Kd1 Qf5 32. Qxf5 Rxf5 33. Ke2 Kf7 34. Kd3 Rf8 35. R7h3 Ke7 36. b4 Rf3 37. Rxf3 Rxf3 38. Rh7 Rf7 39. Ke4 Kf8 40. Rh1 Ke7 41. Rb1 Rf8 42. Rb3 Rh8 43. Rxa3 Rh4+ 44. Kd3 e4+ 45. Ke2 Kd7 46. Ra8 Rh8 47. Ra7 Rh1 48. Bxb6 Ra1 49. Rxc7+ Ke8 50. Rxg7 Rxa2+ 51. Ke3 1-0